Basic methods in microscopy : (Record no. 7114)

MARC details
000 -LEADER
fixed length control field 01349cam a22003134a 4500
001 - CONTROL NUMBER
control field 13817708
003 - CONTROL NUMBER IDENTIFIER
control field OSt
005 - DATE AND TIME OF LATEST TRANSACTION
control field 20210903133102.0
008 - FIXED-LENGTH DATA ELEMENTS--GENERAL INFORMATION
fixed length control field 041217s2006 nyua b 001 0 eng
010 ## - LIBRARY OF CONGRESS CONTROL NUMBER
LC control number 2004030135
020 ## - INTERNATIONAL STANDARD BOOK NUMBER
International Standard Book Number 0879697474 (cloth : alk. paper)
020 ## - INTERNATIONAL STANDARD BOOK NUMBER
International Standard Book Number 0879697512 (pbk. : alk. paper)
040 ## - CATALOGING SOURCE
Original cataloging agency DLC
Transcribing agency DDC
Modifying agency DLC
042 ## - AUTHENTICATION CODE
Authentication code pcc
050 00 - LIBRARY OF CONGRESS CALL NUMBER
Classification number QH207
Item number .B27 2006
082 00 - DEWEY DECIMAL CLASSIFICATION NUMBER
Classification number 570.282BAS2006
100 ## - MAIN ENTRY--PERSONAL NAME
Personal name Spector,David L.; Goldman,Robert D.
9 (RLIN) 14656
245 00 - TITLE STATEMENT
Title Basic methods in microscopy :
Remainder of title protocols and concepts from cells : a laboratory manual /
Statement of responsibility, etc. Edited by Spector,David L. and Goldman,Robert D.
260 ## - PUBLICATION, DISTRIBUTION, ETC. (IMPRINT)
Place of publication, distribution, etc. Cold Spring Harbor, N.Y. :
Name of publisher, distributor, etc. Cold Spring Harbor Laboratory Press,
Date of publication, distribution, etc. c2006.
300 ## - PHYSICAL DESCRIPTION
Extent ix,382 p. :
Other physical details ill. (some col.) ;
Dimensions 29 cm
504 ## - BIBLIOGRAPHY, ETC. NOTE
Bibliography, etc Includes; bibliographical references and index.
650 #0 - SUBJECT ADDED ENTRY--TOPICAL TERM
Topical term or geographic name as entry element Biology
9 (RLIN) 5602
700 1# - ADDED ENTRY--PERSONAL NAME
Personal name Spector, David L.
9 (RLIN) 14657
700 1# - ADDED ENTRY--PERSONAL NAME
Personal name Goldman, Robert D.,
Dates associated with a name 1939-
9 (RLIN) 14660
856 41 - ELECTRONIC LOCATION AND ACCESS
Materials specified Table of contents
Uniform Resource Identifier <a href="http://www.loc.gov/catdir/toc/ecip055/2004030135.html">http://www.loc.gov/catdir/toc/ecip055/2004030135.html</a>
906 ## - LOCAL DATA ELEMENT F, LDF (RLIN)
a 7
b cbc
c orignew
d 1
e ecip
f 20
g y-gencatlg
942 ## - ADDED ENTRY ELEMENTS (KOHA)
Source of classification or shelving scheme Dewey Decimal Classification
Koha item type Open Shelf

No items available.